00232nam a2200097Ia 4500008004100000100001800041245002600059260003200085260000900117300000800126170620s9999 xx 000 0 und d aBharti- Anita 0aKala Shiksha Shikshan bJaypuir : Swati Publication c2012 a176